| 000 -LEADER |
| fixed length control field |
01621cam a2200349 i 4500 |
| 001 - CONTROL NUMBER |
| control field |
17700915 |
| 003 - CONTROL NUMBER IDENTIFIER |
| control field |
USPCAS-E |
| 005 - DATE AND TIME OF LATEST TRANSACTION |
| control field |
20180118181417.0 |
| 008 - FIXED-LENGTH DATA ELEMENTS--GENERAL INFORMATION |
| fixed length control field |
130417s2013 enka b 001 0 eng |
| 010 ## - LIBRARY OF CONGRESS CONTROL NUMBER |
| LC control number |
2013004413 |
| 020 ## - INTERNATIONAL STANDARD BOOK NUMBER |
| International Standard Book Number |
9781119975397 (hardback) |
| 040 ## - CATALOGING SOURCE |
| Original cataloging agency |
DLC |
| Language of cataloging |
eng |
| Transcribing agency |
DLC |
| Description conventions |
rda |
| Modifying agency |
DLC |
| 042 ## - AUTHENTICATION CODE |
| Authentication code |
pcc |
| 050 00 - LIBRARY OF CONGRESS CALL NUMBER |
| Classification number |
TP156.C3 |
| Item number |
S87 2013 |
| 082 00 - DEWEY DECIMAL CLASSIFICATION NUMBER |
| Classification number |
621.042 |
| Edition number |
23 |
| Author Mark |
SUS 2013 |
| 084 ## - OTHER CLASSIFICATION NUMBER |
| Classification number |
SCI013000 |
| Number source |
bisacsh |
| 245 00 - TITLE STATEMENT |
| Title |
Sustainable carbon materials from hydrothermal processes / |
| Statement of responsibility, etc. |
edited by Maria-Magdalena Titirici, School of Engineering and Materials Science, Queen Mary, University of London, UK. |
| 260 ## - PUBLICATION, DISTRIBUTION, ETC. |
| Place of publication, distribution, etc. |
Chichester: |
| Name of publisher, distributor, etc. |
Wiley, |
| Date of publication, distribution, etc. |
2013. |
| 300 ## - PHYSICAL DESCRIPTION |
| Extent |
xiv, 357 pages : |
| Other physical details |
illustrations ; |
| Dimensions |
25 cm |
| 502 ## - DISSERTATION NOTE |
| Dissertation note |
. |
| 504 ## - BIBLIOGRAPHY, ETC. NOTE |
| Bibliography, etc. note |
Includes bibliographical references and index. |
| 520 ## - SUMMARY, ETC. |
| Summary, etc. |
"The first book on hydrothermal carbonization (HTC) for the production of sustainable, versatile and functional carbonaceous materials"-- |
| 650 #0 - SUBJECT ADDED ENTRY--TOPICAL TERM |
| Topical term or geographic name entry element |
Hydrothermal carbonization. |
| 650 #0 - SUBJECT ADDED ENTRY--TOPICAL TERM |
| Topical term or geographic name entry element |
Energy conversion. |
| 650 #7 - SUBJECT ADDED ENTRY--TOPICAL TERM |
| Topical term or geographic name entry element |
SCIENCE / Chemistry / General. |
| Source of heading or term |
bisacsh |
| 700 1# - ADDED ENTRY--PERSONAL NAME |
| Personal name |
Titirici, Maria-Magdalena. |
| 776 08 - ADDITIONAL PHYSICAL FORM ENTRY |
| Relationship information |
Online version: |
| Title |
Sustainable carbon materials from hydrothermal processes |
| Place, publisher, and date of publication |
Chichester, West Sussex, United Kingdom : Wiley, 2013 |
| International Standard Book Number |
9781118622193 |
| Record control number |
(DLC) 2013019498 |
| 856 42 - ELECTRONIC LOCATION AND ACCESS |
| Materials specified |
Cover image |
| Uniform Resource Identifier |
<a href="http://catalogimages.wiley.com/images/db/jimages/9781119975397.jpg">http://catalogimages.wiley.com/images/db/jimages/9781119975397.jpg</a> |
| 906 ## - LOCAL DATA ELEMENT F, LDF (RLIN) |
| a |
7 |
| b |
cbc |
| c |
orignew |
| d |
1 |
| e |
ecip |
| f |
20 |
| g |
y-gencatlg |
| 942 ## - ADDED ENTRY ELEMENTS (KOHA) |
| Source of classification or shelving scheme |
|
| Koha item type |
Book |